Detalles MARC
| 000 -LIDER |
| fixed length control field |
02365nam a2200565 i 4500 |
| 001 - NÚMERO DE CONTROL |
| Identificador de número de control |
0350739 |
| 003 - IDENTIFICACDOR DE NÚMERO DE CONTROL |
| control field |
DO-SdBNP |
| 005 - DATE AND TIME OF LATEST TRANSACTION |
| control field |
20180221145222.0 |
| 007 - CAMPOS FIJOS DE DESCRIPCIÓN FÍSICA |
| fixed length control field |
0350739 |
| 008 - ELEMENTOS DE LONGITUD FIJA |
| fixed length control field |
930920s 1992 sp a spa |
| 016 7# - NO. DE CONTROL DE LA AGENCIA BIB. NACIONAL |
| Record control number |
|
| Source |
BPMSU |
| 017 ## - NÚMERO DE REGISTRO DE DERECHOS DE AUTOR |
| Copyright or legal deposit number |
|
| Assigning agency |
|
| 020 ## - ISBN |
| International Standard Book Number |
843482082X |
| 035 ## - NÚMERO LOCAL |
| System control number |
|
| 040 ## - FUENTE DE CATALOGACIÓN |
| Agencia que crea de manera original el registro |
BPMSU |
| Idioma de catalogación |
spa |
| Agencia que realiza la transcripción |
BPMSU |
| Convenciones de la despripción |
|
| 041 1# - CÓDIGOS DE OBRAS TRADUCIDAS O EN VARIOS IDIOMAS |
| Código del idioma del texto/archivo de sonido o separata |
spa |
| Cód. del idioma original y/o traducciones intermedias del texto |
|
| 080 #0 - NÚMERO DE CLASIFICACIÓN DECIMAL UNIVERSAL |
| Universal Decimal Classification number |
|
| 100 1# - ASIENTO PRINCIPAL -- NOMBRE PERSONAL |
| Nombre personal |
Nöstlinger, Christine |
| Fechas asociadas con el nombre |
1936- |
| 240 10 - TITULO UNIFORME |
| Título uniforme |
Liebe Oma, deine Susi / |
| Idioma de una obra |
español |
| 245 10 - MENCIÓN DE TITULO |
| Título |
Querida abuela-- Tu Susi / |
| Mención de responsabilidad |
Christine Nöstlinger ; ilustraciones, Christine Nöstlinger, jr ; traducción, Marinella Terzi |
| Medio (Designación general de material) |
|
| 250 ## - MENCIÓN DE EDICION |
| Mención de edición |
9ª ed. |
| 260 1# - PUBLICACIÓN, DISTRIBUCIÓN, ETC. (PIE DE IMPRENTA) |
| Lugar de publicación, distribución, etc |
Madrid : |
| Nombre del editor, distribuidor, etc. |
SM, |
| Fecha de publicación, distribución, etc |
1992. |
| 300 ## - DESCRIPCIÓN FÍSICA |
| Extensión |
99 p. : |
| Otros detalles físicos |
il., |
| Dimensiones |
19 cm |
| 490 0# - MENCIÓN DE SERIES |
| Mención de serie |
El barco de vapor. |
| -- |
Serie azul |
| Volume/sequential designation |
23 |
| ISSN |
|
| 521 ## - TARGET AUDIENCE NOTE |
| Target audience note |
A partir de 7 años. |
| 586 ## - AWARDS NOTE |
| Awards note |
Premio Andersen, 1984 |
| 700 1# - ASIENTO SECUNDARIO -- NOMBRE PERSONAL |
| Nombre personal |
Nöstlinger, Christine |
| Fechas asociadas con el nombre |
1961- |
| Mención de responsabilidad |
il. |
| 700 1# - ASIENTO SECUNDARIO -- NOMBRE PERSONAL |
| Nombre personal |
Terzi, Marinella |
| Mención de responsabilidad |
tr. |
| 830 ## - ASIENTO SECUNDARIO DE SERIE--TÍTULO UNIFORME |
| Título uniforme |
El barco de vapor. |
| Nombre de la parte o sección de una obra |
Serie azul |
| Volume number/sequential designation |
23 |
| 942 ## - ADDED ENTRY ELEMENTS (KOHA) |
| Source of classification or shelving scheme |
Dewey Decimal Classification |
| Koha item type |
Libros |
| 945 ## - INFORMACIÓN DE PROCESAMIENTO LOCAL |
| Información de procesamiento local |
Inventariado, 2018/ YL |
| 956 ## - LOCAL ELECTRONIC LOCATION AND ACCESS (OCLC) |
| Nombre de host |
VMATEO |
| Método de acceso |
10 |
| Materiales especificados |
20160405 |
| Enlace |
BPMSU |
| Campo enlazado y núm. de secuencia |
0069 |
| 980 ## - EQUIVALENCE OR CROSS-REFERENCE-SERIES STATEMENT--PERSONAL NAME/TITLE [LOCAL, CANADA] |
| Personal name |
M-BN |
| Numeration |
BNMADRID |
| Attribution qualifier |
7/155147 |
| Titles and other words associated with a name |
SG_RECOLET |
| 980 ## - EQUIVALENCE OR CROSS-REFERENCE-SERIES STATEMENT--PERSONAL NAME/TITLE [LOCAL, CANADA] |
| Personal name |
M 49014-2002 |
| -- |
84-348-2082-X |
| -- |
M-BN |
| Numeration |
BNALCALA |
| Attribution qualifier |
AHM/731321 |
| Titles and other words associated with a name |
SALA_ALC |
| 980 ## - EQUIVALENCE OR CROSS-REFERENCE-SERIES STATEMENT--PERSONAL NAME/TITLE [LOCAL, CANADA] |
| Personal name |
M 20136-2000 |
| -- |
M-BN |
| Numeration |
BNALCALA |
| Attribution qualifier |
DL/1022692 |
| Titles and other words associated with a name |
CONSERVACI |
| 980 ## - EQUIVALENCE OR CROSS-REFERENCE-SERIES STATEMENT--PERSONAL NAME/TITLE [LOCAL, CANADA] |
| Personal name |
M-BN |
| Numeration |
BNALCALA |
| Attribution qualifier |
DL/585303 |
| Titles and other words associated with a name |
CONSERVACI |
| 980 ## - EQUIVALENCE OR CROSS-REFERENCE-SERIES STATEMENT--PERSONAL NAME/TITLE [LOCAL, CANADA] |
| Personal name |
M-BN |
| Numeration |
BNALCALA |
| Attribution qualifier |
DL/638264 |
| Titles and other words associated with a name |
CONSERVACI |
| 980 ## - EQUIVALENCE OR CROSS-REFERENCE-SERIES STATEMENT--PERSONAL NAME/TITLE [LOCAL, CANADA] |
| Personal name |
M 37385-1992 |
| -- |
M-BN |
| Numeration |
BNALCALA |
| Attribution qualifier |
DL/686209 |
| Titles and other words associated with a name |
CONSERVACI |
| 980 ## - EQUIVALENCE OR CROSS-REFERENCE-SERIES STATEMENT--PERSONAL NAME/TITLE [LOCAL, CANADA] |
| Personal name |
M 40637-1995 |
| -- |
M-BN |
| Numeration |
BNALCALA |
| Attribution qualifier |
DL/689003 |
| Titles and other words associated with a name |
CONSERVACI |
| 980 ## - EQUIVALENCE OR CROSS-REFERENCE-SERIES STATEMENT--PERSONAL NAME/TITLE [LOCAL, CANADA] |
| Personal name |
M 44643-1996 |
| -- |
M-BN |
| Numeration |
BNALCALA |
| Attribution qualifier |
DL/747179 |
| Titles and other words associated with a name |
CONSERVACI |
| 980 ## - EQUIVALENCE OR CROSS-REFERENCE-SERIES STATEMENT--PERSONAL NAME/TITLE [LOCAL, CANADA] |
| Personal name |
M 44053-1997 |
| -- |
84-348-2082-X |
| -- |
M-BN |
| Numeration |
BNALCALA |
| Attribution qualifier |
DL/800432 |
| Titles and other words associated with a name |
CONSERVACI |
| 980 ## - EQUIVALENCE OR CROSS-REFERENCE-SERIES STATEMENT--PERSONAL NAME/TITLE [LOCAL, CANADA] |
| Personal name |
M 32703-1997 |
| -- |
84-348-2082-X |
| -- |
M-BN |
| Numeration |
BNALCALA |
| Attribution qualifier |
DL/801596 |
| Titles and other words associated with a name |
CONSERVACI |
| 980 ## - EQUIVALENCE OR CROSS-REFERENCE-SERIES STATEMENT--PERSONAL NAME/TITLE [LOCAL, CANADA] |
| Personal name |
M 16544-1999 |
| -- |
84-348-2082-X |
| -- |
M-BN |
| Numeration |
BNALCALA |
| Attribution qualifier |
DL/925211 |
| Titles and other words associated with a name |
CONSERVACI |
| 980 ## - EQUIVALENCE OR CROSS-REFERENCE-SERIES STATEMENT--PERSONAL NAME/TITLE [LOCAL, CANADA] |
| Personal name |
M 206-2001 |
| -- |
84-348-2082-X |
| -- |
M-BN |
| Numeration |
BNALCALA |
| Attribution qualifier |
DL/1070287 |
| Titles and other words associated with a name |
CONSERVACI |
| 980 ## - EQUIVALENCE OR CROSS-REFERENCE-SERIES STATEMENT--PERSONAL NAME/TITLE [LOCAL, CANADA] |
| Personal name |
M 26691-2001 |
| -- |
84-348-2082-X |
| -- |
M-BN |
| Numeration |
BNALCALA |
| Attribution qualifier |
DL/1120709 |
| Titles and other words associated with a name |
CONSERVACI |
| 980 ## - EQUIVALENCE OR CROSS-REFERENCE-SERIES STATEMENT--PERSONAL NAME/TITLE [LOCAL, CANADA] |
| Personal name |
M 2154-2002 |
| -- |
84-348-2082-X |
| -- |
M-BN |
| Numeration |
BNALCALA |
| Attribution qualifier |
DL/1123116 |
| Titles and other words associated with a name |
CONSERVACI |
| 980 ## - EQUIVALENCE OR CROSS-REFERENCE-SERIES STATEMENT--PERSONAL NAME/TITLE [LOCAL, CANADA] |
| Personal name |
M 35771-2002 |
| -- |
84-348-2082-X |
| -- |
M-BN |
| Numeration |
BNALCALA |
| Attribution qualifier |
DL/1173219 |
| Titles and other words associated with a name |
CONSERVACI |
| 980 ## - EQUIVALENCE OR CROSS-REFERENCE-SERIES STATEMENT--PERSONAL NAME/TITLE [LOCAL, CANADA] |
| Personal name |
M 49014-2002 |
| -- |
84-348-2082-X |
| -- |
M-BN |
| Numeration |
BNALCALA |
| Attribution qualifier |
DL/1202098 |
| Titles and other words associated with a name |
CONSERVACI |
| 980 ## - EQUIVALENCE OR CROSS-REFERENCE-SERIES STATEMENT--PERSONAL NAME/TITLE [LOCAL, CANADA] |
| Personal name |
M 29551-2003 |
| -- |
84-348-2082-X |
| -- |
M-BN |
| Numeration |
BNALCALA |
| Attribution qualifier |
DL/1261767 |
| Titles and other words associated with a name |
CONSERVACI |